Normal view
MARC view
Entry Personal Name
001 - CONTROL NUMBER
- control field: 43208
003 - CONTROL NUMBER IDENTIFIER
- control field: ARRUPE
005 - DATE AND TIME OF LATEST TRANSACTION
- control field: 20181101124850.0
008 - FIXED-LENGTH DATA ELEMENTS
- fixed length control field: 181101|| aca||aabn | a|a d
040 ## - CATALOGING SOURCE
- Original cataloging agency: ARRUPE
- Transcribing agency: ARRUPE
100 ## - HEADING--PERSONAL NAME
- Personal name: Elsener, Joseph.
670 ## - SOURCE DATA FOUND
- Source citation: Work cat.: (ARRUPE)0: Elsener, Joseph., Traditional and Christianised rites of accommodating the spirit of the dead :, 2001.